000 00659nam a2200229 a 4500
001 000013641
005 20200929163309.0
008 091126s1978 sp 000 f spa d
020 _a8430306498
040 _aDO-SdBNP
_bspa
_cBNPHU
082 _a843.8
_bD886r
100 1 _aDumas, Alexandre,
_d1802-1870
_93715
245 1 3 _aLa reina Margarita /
_cAlejandro Dumas.
260 _aBarcelona :
_bRamón Sopena,
_c1978.
300 _a478 p. ;
_c18 cm.
490 1 _aBiblioteca Sopena
_v649
650 4 _aNovela francesa
_91075
650 4 _aLiteratura francesa
_ySIGLO XX
_94232
830 0 _aBiblioteca Sopena ;
_v649
_912815
910 _aWM
049 _aBNGR
999 _c13255
_d13255